000
00218 a2200097 4500
001
6939
100
_a
Church, A H
245
_a
James all the world Aireraft 1967-68
260
_a
_b
Sampson Law
_c
090
_c
5730
_d
5730
942
_a
NUST-CAE
_c
M
_c
32190
999
_c
242012
_d
242012